000 00346 a2200169 4500
001 182448
020 _a85-356-0617-3
040 _cMagnum
100 _aShuravel, May
240 1 0 _aA fuga da gata
_lpor
245 1 0 _aA fuga da gata
300 _a21
362 0 _a2001
440 1 _aPaulinas
697 _aLITERATURA INFANTIL
942 _cBK
999 _c182448
_d182448